| 000 | 00557nam a2200217Ia 4500 | ||
|---|---|---|---|
| 005 | 20250326144524.0 | ||
| 008 | 250326s9999 xx 000 0 und d | ||
| 020 | _a81-315-0315-1 | ||
| 037 | _aTextbook | ||
| 040 |
_aFMSL _beng _cFMSL |
||
| 041 |
_aeng _2eng |
||
| 084 |
_aL(X) P5 _qFMSL |
||
| 100 | _aHenderson James W | ||
| 245 | 0 |
_aHealth economics & policy _cHenderson James W |
|
| 250 | _a3 | ||
| 260 |
_aUS _bUS, Cengage Learning _c2005 |
||
| 300 | _axx,473 | ||
| 365 | _b462 | ||
| 942 |
_cTB _hL(X) P5 |
||
| 999 |
_c1304028 _d1304028 |
||